000 00673nam a2200241 a 4500
008
020 _a9780750663946 (pbk.)
049 _aMAIN
090 _aTH215
_bHAL
100 1 _aHalliday, Sandy.
245 1 0 _aSustainable construction /
_cSandy Halliday.
260 _aAmsterdam :
_bElsevier,
_c2008.
300 _aix, 395 p. :
_bcol. ill. ;
_c28 cm.
500 _aIncludes index.
504 _aIncludes bibliographical references.
650 _aConstruction.
650 1 _a Building.
907 _a.b10258401
_b06-11-14
_c26-11-08
003
005 20230123125442.0
040 _cNUST
942 _cBOOKS
_kTH215
_mHAL
999 _c141749
_d141749